000 00861nam a22002777a 4500
001 BR2013000093
003 BR-BrBNA
005 20230928104115.0
007 ta
008 230509b bl.||||| |||| 00| 0 por d
040 _aBR-BrBNA
_bpor
_cBiblioteca Nacional de Agricultura
041 _a(Por)
072 _aS40
090 _ S40 BR2013000093
110 1 _aInstituto Giramundo Mutuando, Botucatu, SP (Brasil)
_0Muhlbach, R.Stamato, B. (org.)Moreira, R.M. (org.)
_96370
245 1 _aSegurança alimentar e nutricional
_bCadernos Agroecológicos 4
260 3 _aBotucatu, SP (Brasil):
_c2009.
300 _a33 p.
500 _a4 ref.; 32 illus
650 _aSEGURANÇA ALIMENTAR
650 _aPRODUÇÃO DE ALIMENTOS
650 _aDEFICIÊNCIA NUTRICIONAL
650 _aPOLÍTICA NACIONAL
909 _a202309
_bLucia
_c55
_dLucia Elande
942 _cBK
999 _c78161
_d78161